|
|
|
|
| LEADER |
01381nam a2200289 u 4500 |
| 001 |
10088005 |
| 003 |
upatras |
| 005 |
20250305103227.0 |
| 008 |
101118s2006 eng |
| 020 |
|
|
|a 1905125135
|
| 040 |
|
|
|a ΠΑΝΕΠΙΣΤΗΜΙΟ ΠΑΤΡΑΣ
|c ΠΑΝΕΠΙΣΤΗΜΙΟ ΠΑΤΡΑΣ
|
| 041 |
0 |
|
|a eng
|
| 082 |
0 |
4 |
|a 882.11
|
| 245 |
1 |
0 |
|a Dionysalexandros
|b essays on Aeschylus and his fellow tragedians in honour of Alexander F. Garvie
|c editors Douglas Cairns and Vayos Liapis ; contributors: Jean Bollack ...[et al.]
|
| 260 |
|
|
|a Swansea
|a Oakville, CT
|b The Classical Press of Wales
|c 2006
|
| 300 |
|
|
|a xx, 312 p.
|c 24 cm.
|
| 504 |
|
|
|a Includes bibliographical references and indexes
|
| 600 |
|
0 |
|a Αισχύλος,
|d 525-456
|x Ερμηνεία και κριτική.
|9 57572
|
| 600 |
1 |
4 |
|a Garvie- A. F
|9 90825
|
| 650 |
|
4 |
|a Ελληνικό δράμα (Τραγωδία)
|x Ιστορία και κριτική
|9 5832
|
| 700 |
1 |
|
|a Cairns, Douglas
|4 edt
|9 90826
|
| 700 |
1 |
|
|a Λιαπής, Βάιος
|4 edt
|9 9096
|
| 852 |
|
|
|a GR-PaULI
|b ΠΑΤΡΑ
|b ΘΕΑΤΡΟΛΟΓΙΑ
|k ΑΣΧΞ
|h 882.11 CAI
|m 09377
|p 025000137030
|t 1
|
| 942 |
|
|
|2 ddc
|c BK15
|
| 952 |
|
|
|0 0
|1 0
|4 0
|6 882_110000000000000_CAI
|7 0
|9 94669
|a THST
|b THST
|d 2016-04-24
|i 09377
|l 1
|o 882.11 CAI
|p 025000137030
|r 2023-01-25 00:00:00
|s 2022-12-06
|t 1
|w 2016-04-24
|y BK15
|
| 998 |
|
|
|c ΜΑΝΙΑ
|d 2010-11
|
| 999 |
|
|
|c 63747
|d 63747
|